[Event "II. CLANSKA LIGA ZAHOD 2018"]
[Site "Komenda"]
[Date "2018.11.24"]
[Round "5.3"]
[White "Novak, Anze"]
[Black "Stubljar, Andrej"]
[Result "0-1"]
[WhiteElo "1670"]
[BlackElo "2019"]
[PlyCount "106"]
[EventDate "2018.11.24"]
[WhiteTeam "SK KOMENDA"]
[BlackTeam "SD MATRIKA STARI TRG OB KOLPI"]

1. d4 d5 2. c4 e6 3. Nf3 Nf6 4. g3 Be7 5. Bg2 O-O 6. O-O b6 7. Nc3 Bb7 8. b3
Nbd7 9. Bb2 a6 10. Nd2 Ra7 11. e4 dxe4 12. Ndxe4 Nxe4 13. Bxe4 Qa8 14. Bxb7
Qxb7 15. Qe2 Re8 16. Qe4 c5 17. Qxb7 Rxb7 18. Ne4 Nf6 19. Ng5 Rd7 20. dxc5 bxc5
21. Nf3 Ne4 22. Rad1 Red8 23. Rxd7 Rxd7 24. Re1 f5 25. Kf1 Bf6 26. Bxf6 gxf6
27. g4 fxg4 28. Rxe4 gxf3 29. Ke1 Kf7 30. Re3 Rd4 31. Rxf3 h5 32. Ke2 a5 33. a3
a4 34. bxa4 Rxc4 35. a5 Ra4 36. Rh3 h4 37. a6 Rxa6 38. Rxh4 Rxa3 39. Rc4 Ra5
40. f4 Ke7 41. f5 e5 42. Ke3 Ra3+ 43. Ke4 Kd6 44. Rc2 Ra4+ 45. Ke3 Rf4 46. Ra2
Rxf5 47. Ra6+ Kd5 48. Ra8 Rh5 49. Rd8+ Kc4 50. Rf8 f5 51. Re8 Rh3+ 52. Kd2
Rxh2+ 53. Ke3 Rh3+ 0-1

[Event "II. CLANSKA LIGA ZAHOD 2018"]
[Site "Komenda"]
[Date "2018.11.24"]
[Round "5.4"]
[White "Bedic, Slavko"]
[Black "More, Erlend"]
[Result "1-0"]
[WhiteElo "1852"]
[BlackElo "1579"]
[PlyCount "129"]
[EventDate "2018.11.24"]
[WhiteTeam "SD MATRIKA STARI TRG OB KOLPI"]
[BlackTeam "SK KOMENDA"]

1. d4 Nf6 2. c4 e6 3. Nf3 b6 4. Nc3 Bb7 5. Bg5 Be7 6. Qc2 d6 7. Rd1 d5 8. e3
Nbd7 9. Bd3 h6 10. Bh4 c5 11. O-O dxc4 12. Bxc4 Bxf3 13. gxf3 Nh5 14. dxc5 Bxh4
15. Qe4 O-O 16. Qg4 Bxf2+ 17. Rxf2 Nhf6 18. Qg3 Qc8 19. Rg2 Nh7 20. Qh4 Ndf6
21. Ne4 Kh8 22. Nxf6 Nxf6 23. cxb6 axb6 24. Bb3 Qc5 25. Qd4 Qxd4 26. Rxd4 Rfd8
27. Rgd2 Rxd4 28. Rxd4 g5 29. Kf2 Kg7 30. Ke2 Kf8 31. a4 Ke7 32. Bc2 Rc8 33.
Kd2 e5 34. Rb4 Nd5 35. Rb5 Rc5 36. Rb3 Rc6 37. Be4 Kd6 38. Bxd5 Kxd5 39. Rd3+
Ke6 40. Rb3 Kd5 41. Rb5+ Ke6 42. b4 f5 43. e4 g4 44. exf5+ Kxf5 45. fxg4+ Kxg4
46. Rxe5 h5 47. Re3 Rc4 48. Rb3 Rf4 49. Rg3+ Kf5 50. Kc3 h4 51. Rd3 Ke5 52. Kb3
Rf2 53. Rh3 Rf4 54. a5 bxa5 55. bxa5 Rf6 56. Rc3 Rf8 57. Kb4 Rb8+ 58. Ka4 Kd5
59. a6 Kd4 60. Rb3 Ra8 61. Ka5 Kc5 62. Rc3+ Kd4 63. Rh3 Rh8 64. a7 Rh5+ 65. Kb4
1-0

[Event "II. CLANSKA LIGA ZAHOD 2018"]
[Site "Komenda"]
[Date "2018.11.24"]
[Round "5.5"]
[White "Zidar, Jernej"]
[Black "Danculovic, Jovica"]
[Result "0-1"]
[WhiteElo "1511"]
[BlackElo "1798"]
[PlyCount "120"]
[EventDate "2018.11.24"]
[WhiteTeam "SK KOMENDA"]
[BlackTeam "SD MATRIKA STARI TRG OB KOLPI"]

1. d4 d5 2. c4 c6 3. Nf3 Nf6 4. Nc3 e6 5. g3 Bd6 6. Bg2 Nbd7 7. O-O O-O 8. Qc2
Re8 9. Nd2 h6 10. e4 dxe4 11. Ndxe4 Nxe4 12. Nxe4 Be7 13. Be3 Nf6 14. Nxf6+
Bxf6 15. Rfd1 Qc7 16. Rac1 e5 17. d5 Bg4 18. Rd2 cxd5 19. cxd5 Qd7 20. Qb3 b6
21. Rc6 Rac8 22. Qc4 Bg5 23. Bxg5 hxg5 24. d6 Red8 25. Rc2 Rxc6 26. Bxc6 Qe6
27. Qxe6 Bxe6 28. d7 Kf8 29. Ba4 Bxd7 30. Bb3 Rc8 31. Rd2 Bh3 32. Rc2 Rxc2 33.
Bxc2 Ke7 34. f3 Be6 35. a3 Kd6 36. Kf2 f5 37. Ke3 g6 38. Kd2 Kc5 39. Kc3 Bd5
40. Bd1 a5 41. g4 b5 42. b4+ axb4+ 43. axb4+ Kd6 44. Kd3 Bc4+ 45. Kc3 Kd5 46.
Bc2 e4 47. gxf5 gxf5 48. Bd1 e3 49. f4 e2 50. Bxe2 Bxe2 51. fxg5 Bh5 52. Kd3 f4
53. h3 Ke5 54. h4 Kd5 55. Kd2 Kd4 56. Ke1 Ke3 57. g6 Bxg6 58. Kf1 f3 59. h5
Bxh5 60. Ke1 f2+ 0-1

[Event "II. CLANSKA LIGA ZAHOD 2018"]
[Site "Komenda"]
[Date "2018.11.24"]
[Round "5.6"]
[White "Brgan, Niko"]
[Black "Cimperman, Teo"]
[Result "1-0"]
[WhiteElo "2079"]
[BlackElo "1293"]
[PlyCount "49"]
[EventDate "2018.11.24"]
[WhiteTeam "SD MATRIKA STARI TRG OB KOLPI"]
[BlackTeam "SK KOMENDA"]

1. e4 c5 2. Bc4 Nc6 3. Nc3 e6 4. d3 Nf6 5. Bg5 Be7 6. Nge2 h6 7. Bh4 a6 8. a3
b5 9. Ba2 O-O 10. O-O Bb7 11. f4 Ng4 12. Bxe7 Qxe7 13. Qd2 d6 14. h3 Nf6 15.
Rf3 Rad8 16. Raf1 e5 17. fxe5 Nxe5 18. Rxf6 gxf6 19. Qxh6 b4 20. Nf4 Ng4 21.
hxg4 Qe5 22. Ng6 f5 23. Rxf5 bxc3 24. Rxe5 dxe5 25. Ne7# 1-0

[Event "II. CLANSKA LIGA ZAHOD 2018"]
[Site "Komenda"]
[Date "2018.11.24"]
[Round "5.1"]
[White "Siraj, Anej"]
[Black "Skoberne, Jure"]
[Result "0-1"]
[WhiteElo "1905"]
[BlackElo "2572"]
[PlyCount "56"]
[EventDate "2018.11.24"]
[WhiteTeam "SD VRHNIKA"]
[BlackTeam "SD POSOCJE"]

1. d4 Nf6 2. Nf3 g6 3. Bg5 Bg7 4. Nbd2 O-O 5. c3 d5 6. e3 b6 7. Be2 Bb7 8. O-O
c5 9. Rc1 Nbd7 10. c4 dxc4 11. Nxc4 h6 12. Bh4 g5 13. Bg3 Ne4 14. dxc5 Nxg3 15.
hxg3 Nxc5 16. b4 Ne4 17. Qb3 Rc8 18. Rfd1 Qc7 19. a4 e6 20. Nd4 Rfd8 21. Nb5
Qb8 22. Bf3 Nxg3 23. e4 Nxe4 24. Bxe4 Bxe4 25. Nbd6 Rxd6 26. Rxd6 Qxd6 27. Rd1
Qf4 28. Nd6 Rc3 0-1

[Event "II. CLANSKA LIGA ZAHOD 2018"]
[Site "Komenda"]
[Date "2018.11.24"]
[Round "5.2"]
[White "Biti, Ozren"]
[Black "Marinsek, Denis"]
[Result "1-0"]
[WhiteElo "2368"]
[BlackElo "1857"]
[PlyCount "47"]
[EventDate "2018.11.24"]
[WhiteTeam "SD POSOCJE"]
[BlackTeam "SD VRHNIKA"]

1. e4 e6 2. d3 d5 3. Qe2 Nf6 4. Nf3 Be7 5. g3 O-O 6. Bg2 c5 7. O-O Nc6 8. e5
Nd7 9. c4 f6 10. exf6 Nxf6 11. Bf4 Bd6 12. Bxd6 Qxd6 13. Nc3 a6 14. Rfe1 Bd7
15. Rac1 Rae8 16. Ne5 Nd4 17. Qd1 b5 18. b3 Re7 19. f4 Be8 20. Qd2 Bh5 21. Qf2
b4 22. Na4 Ng4 23. Nxg4 Bxg4 24. cxd5 1-0

[Event "II. CLANSKA LIGA ZAHOD 2018"]
[Site "Komenda"]
[Date "2018.11.24"]
[Round "5.3"]
[White "Novak, Robert"]
[Black "Beletic, Danijel"]
[Result "0-1"]
[WhiteElo "1696"]
[BlackElo "2364"]
[PlyCount "72"]
[EventDate "2018.11.24"]
[WhiteTeam "SD VRHNIKA"]
[BlackTeam "SD POSOCJE"]

1. d4 Nf6 2. Nf3 c5 3. d5 b5 4. g3 Bb7 5. c4 bxc4 6. Nc3 d6 7. Bg2 Nbd7 8. O-O
g6 9. e4 Bg7 10. Qa4 O-O 11. Qxc4 Qa5 12. Qb3 Rab8 13. Qc2 Ba6 14. Re1 Ng4 15.
h3 Nge5 16. Rd1 Nc4 17. Rb1 Na3 18. bxa3 Qxc3 19. Qxc3 Bxc3 20. Rb3 Rxb3 21.
axb3 Be2 22. Rf1 Rb8 23. Nd2 Bxd2 24. Bxd2 Bxf1 25. Bxf1 Rxb3 26. a4 Ra3 27.
Bb5 Nf6 28. Bg5 h6 29. Bxh6 Nxe4 30. Bf4 Nc3 31. Bc6 Ne2+ 32. Kg2 Nxf4+ 33.
gxf4 Rd3 34. f3 Rd2+ 35. Kg3 c4 36. a5 c3 0-1

[Event "II. CLANSKA LIGA ZAHOD 2018"]
[Site "Komenda"]
[Date "2018.11.24"]
[Round "5.4"]
[White "Ursic, Mateja"]
[Black "Siraj, Svit"]
[Result "1-0"]
[WhiteElo "1985"]
[BlackElo "1713"]
[PlyCount "101"]
[EventDate "2018.11.24"]
[WhiteTeam "SD POSOCJE"]
[BlackTeam "SD VRHNIKA"]

1. e4 c5 2. Nc3 d6 3. f4 Nc6 4. Bb5 Bd7 5. Bxc6 Bxc6 6. Nf3 g6 7. d3 Bg7 8. O-O
e6 9. Qe1 Ne7 10. f5 exf5 11. exf5 O-O 12. fxg6 fxg6 13. Bg5 Bf6 14. Bh6 Bg7
15. Bg5 Bf6 16. Ne4 Bxg5 17. Nexg5 Qd7 18. Qe6+ Qxe6 19. Nxe6 Rf6 20. Nfg5
Rxf1+ 21. Rxf1 h6 22. Nf7 Nf5 23. Nfd8 Bd7 24. g4 Bxe6 25. Nxe6 Ne3 26. Rf6
Nxg4 27. Rxg6+ Kf7 28. Rxg4 Kxe6 29. Rg6+ Ke5 30. Rxh6 Rg8+ 31. Kf2 Rg7 32. h4
d5 33. h5 Kf5 34. c3 b6 35. Rh8 Kg5 36. Rd8 Kxh5 37. Rxd5+ Kg6 38. d4 cxd4 39.
cxd4 Rc7 40. Ke3 Rc2 41. Rb5 Kf6 42. Kd3 Rc1 43. Re5 Rd1+ 44. Kc4 Rd2 45. Kc3
Rd1 46. a4 Ra1 47. Kb4 Rb1 48. b3 a5+ 49. Kc4 Rc1+ 50. Kd5 Rc3 51. Re6+ 1-0

[Event "II. CLANSKA LIGA ZAHOD 2018"]
[Site "Komenda"]
[Date "2018.11.24"]
[Round "5.5"]
[White "Redek, Leon"]
[Black "Hozjan, Erik"]
[Result "0-1"]
[WhiteElo "1561"]
[BlackElo "1953"]
[PlyCount "44"]
[EventDate "2018.11.24"]
[WhiteTeam "SD VRHNIKA"]
[BlackTeam "SD POSOCJE"]

1. d4 f5 2. Nf3 Nf6 3. e3 e6 4. Be2 Be7 5. O-O b6 6. c4 Bb7 7. Nc3 Ne4 8. d5
Nxc3 9. bxc3 O-O 10. Re1 Bf6 11. Qd2 e5 12. Ba3 d6 13. Bf1 g5 14. h3 g4 15.
hxg4 fxg4 16. Nh2 g3 17. fxg3 e4 18. Ng4 Nd7 19. Nf2 Qe7 20. Nh3 Qg7 21. Nf4
Bxc3 22. Qc2 Bxa1 0-1

[Event "II. CLANSKA LIGA ZAHOD 2018"]
[Site "Komenda"]
[Date "2018.11.24"]
[Round "5.6"]
[White "Ursic, Jakob"]
[Black "Siraj, Vita"]
[Result "1-0"]
[WhiteElo "1925"]
[BlackElo "1404"]
[PlyCount "51"]
[EventDate "2018.11.24"]
[WhiteTeam "SD POSOCJE"]
[BlackTeam "SD VRHNIKA"]

1. c4 c5 2. Nf3 Nc6 3. d4 Nf6 4. Nc3 d6 5. g3 Bf5 6. a3 Qb6 7. Na4 Qa6 8. d5
Qxc4 9. dxc6 Bc2 10. Qd2 Qxa4 11. cxb7 Rb8 12. Bg2 Be4 13. b4 cxb4 14. Qxb4
Qxb4+ 15. axb4 Rxb7 16. O-O g6 17. Be3 Rxb4 18. Rxa7 Bg7 19. Rc1 Rb1 20. Rxb1
Bxb1 21. Ra8+ Kd7 22. Ra7+ Ke8 23. Nd2 Bf5 24. Bc6+ Kd8 25. Bb6+ Kc8 26. Ra8#
1-0

[Event "II. CLANSKA LIGA ZAHOD 2018"]
[Site "Komenda"]
[Date "2018.11.24"]
[Round "5.1"]
[White "Jukan, Nesib"]
[Black "Anakiev, Dimitar"]
[Result "1/2-1/2"]
[WhiteElo "2018"]
[BlackElo "1988"]
[PlyCount "131"]
[EventDate "2018.11.24"]
[WhiteTeam "SK TRZIN"]
[BlackTeam "SD RADOVLJICA"]

1. d4 Nf6 2. Bg5 Ne4 3. Bf4 c5 4. Nd2 d5 5. Nxe4 dxe4 6. dxc5 Qa5+ 7. c3 Qxc5
8. Bxb8 Rxb8 9. Qa4+ Bd7 10. Qxe4 e5 11. Nf3 Bd6 12. e3 Bc6 13. Qc4 Qb6 14. Qb3
Qc7 15. Bb5 O-O 16. Bxc6 bxc6 17. Qc2 f5 18. Rd1 Rf6 19. g3 Qf7 20. O-O Bc7 21.
b4 Qh5 22. Nh4 e4 23. f4 Bb6 24. Rfe1 g5 25. fxg5 Qxg5 26. Ng2 h5 27. Kh1 Kh8
28. c4 Rg8 29. c5 Bc7 30. Rd7 Bxg3 31. hxg3 Qxg3 32. Rdd1 Rfg6 33. Qb2+ Kh7 34.
Rd7+ Kh6 35. Rd6 h4 36. Qe2 Qh3+ 37. Kg1 Rxd6 38. cxd6 Qf3 39. Qxf3 exf3 40. d7
h3 41. Rd1 fxg2 42. Kh2 Rd8 43. a4 Kh5 44. Kxh3 g1=Q 45. Rxg1 Rxd7 46. Rf1 Kg5
47. Kg3 Rd3 48. Kf3 Rb3 49. Rg1+ Kf6 50. Rc1 Rxb4 51. Rxc6+ Ke5 52. Ra6 Rb7 53.
Ra5+ Kf6 54. Kf4 Rb4+ 55. Kg3 Rb7 56. Kf3 Rc7 57. Rb5 Rc4 58. a5 Ra4 59. Rc5
Ke6 60. Rc6+ Ke5 61. Ra6 f4 62. Rxa7 fxe3 63. Kxe3 Kd5 64. Kd2 Kc4 65. Kc2 Ra2+
66. Kb1 1/2-1/2

[Event "II. CLANSKA LIGA ZAHOD 2018"]
[Site "Komenda"]
[Date "2018.11.24"]
[Round "5.2"]
[White "Buha, Drago"]
[Black "Borisek, Anze"]
[Result "0-1"]
[WhiteElo "1950"]
[BlackElo "1916"]
[PlyCount "89"]
[EventDate "2018.11.24"]
[WhiteTeam "SD RADOVLJICA"]
[BlackTeam "SK TRZIN"]

1. d4 d5 2. Bf4 c6 3. e3 e6 4. Nf3 f5 5. Bd3 Nf6 6. O-O Bd6 7. Bxd6 Qxd6 8. Nc3
Nbd7 9. Ne2 Ne4 10. c4 O-O 11. cxd5 exd5 12. Qb3 Rf6 13. Nc3 Kh8 14. Rad1 g5
15. Bxe4 fxe4 16. Nxg5 Qe7 17. Nh3 Nf8 18. Nf4 Bg4 19. Rd2 Be6 20. Nce2 Ng6 21.
Qd1 Bg4 22. h3 Nxf4 23. hxg4 Nxe2+ 24. Qxe2 Re8 25. Rdd1 Rh6 26. g3 Rf6 27. Kg2
Ref8 28. Rd2 Rf3 29. Qe1 Qg5 30. Rh1 Qxg4 31. Rh2 R8f6 32. Qh1 Rxg3+ 33. Kf1
Qg7 34. Rg2 Rxg2 35. Qxg2 Qxg2+ 36. Kxg2 h5 37. Rd1 Kg7 38. Rh1 Kg6 39. Rh3 Rf5
40. a4 Rg5+ 41. Kf1 Kf5 42. f3 exf3 43. Rxf3+ Ke4 44. Rh3 Rg4 45. Rxh5 {
nejasno (56)} 0-1

[Event "II. CLANSKA LIGA ZAHOD 2018"]
[Site "Komenda"]
[Date "2018.11.24"]
[Round "5.3"]
[White "Krupenko, Peter"]
[Black "Prestrl, Jozef"]
[Result "1-0"]
[WhiteElo "1764"]
[BlackElo "1877"]
[PlyCount "75"]
[EventDate "2018.11.24"]
[WhiteTeam "SK TRZIN"]
[BlackTeam "SD RADOVLJICA"]

1. c4 Nf6 2. Nc3 e5 3. Nf3 Nc6 4. g3 d6 5. Bg2 g6 6. O-O Bg7 7. d4 exd4 8. Nxd4
Ne5 9. f4 Ned7 10. e4 O-O 11. b3 Nc5 12. Bb2 Re8 13. Re1 Rb8 14. Qd2 Ne6 15.
Nc2 Bd7 16. h3 Qc8 17. Kh2 Nc5 18. Nb4 Be6 19. Rad1 a5 20. Nd3 Nxd3 21. Qxd3
Rd8 22. Qd2 Bd7 23. Nd5 Nxd5 24. cxd5 Bxb2 25. Qxb2 Re8 26. Rc1 b6 27. Qf6 Qb7
28. e5 Bb5 29. e6 Rf8 30. e7 Rfe8 31. h4 Bd7 32. h5 gxh5 33. Be4 Bg4 34. f5 b5
35. Qg5+ Kh8 36. f6 Rg8 37. Qh6 Rg6 38. Bxg6 1-0

[Event "II. CLANSKA LIGA ZAHOD 2018"]
[Site "Komenda"]
[Date "2018.11.24"]
[Round "5.4"]
[White "Torkar, Boris"]
[Black "Leben, Dusan"]
[Result "0-1"]
[WhiteElo "1820"]
[BlackElo "1857"]
[PlyCount "57"]
[EventDate "2018.11.24"]
[WhiteTeam "SD RADOVLJICA"]
[BlackTeam "SK TRZIN"]

1. d4 Nf6 2. c4 e6 3. Nc3 d5 4. Bg5 Be7 5. e3 c6 6. Nf3 Nbd7 7. Be2 h6 8. Bh4
a6 9. O-O O-O 10. Bg3 Nh5 11. Rc1 Nxg3 12. hxg3 b5 13. cxb5 cxb5 14. a3 Bb7 15.
Qb3 Rc8 16. Na2 Qb6 17. Bd3 Bd6 18. Bb1 Rxc1 19. Rxc1 Rc8 20. Rxc8+ Bxc8 21.
Qc2 Qc7 22. Qh7+ Kf8 23. Bd3 f5 24. g4 Nf6 25. Qh8+ Ng8 26. gxf5 exf5 27. Nh4
Qf7 28. g4 Be7 29. Nxf5 {nejasno (68)} 0-1

[Event "II. CLANSKA LIGA ZAHOD 2018"]
[Site "Komenda"]
[Date "2018.11.24"]
[Round "5.5"]
[White "Bajec, Borut"]
[Black "Krivec, Metod"]
[Result "1-0"]
[WhiteElo "1780"]
[BlackElo "1753"]
[PlyCount "90"]
[EventDate "2018.11.24"]
[WhiteTeam "SK TRZIN"]
[BlackTeam "SD RADOVLJICA"]

1. d4 g6 2. c4 Bg7 3. Nf3 d6 4. e3 Nc6 5. Be2 e5 6. d5 Nce7 7. e4 f5 8. exf5
gxf5 9. O-O Nf6 10. Nc3 O-O 11. Bd2 Ng6 12. Rc1 Kh8 13. Ng5 h6 14. Bh5 Nxh5 15.
Qxh5 Rf6 16. Ne6 Bxe6 17. dxe6 Rxe6 18. Bxh6 Bxh6 19. Qxh6+ Kg8 20. Qh5 Qf6 21.
Nd5 Qf7 22. Rc3 c6 23. Ne3 Ne7 24. Qh3 Kg7 25. f4 Rh8 26. Qg3+ Rg6 27. Qf2 e4
28. Nc2 Kf8 29. Qxa7 Qg7 30. Rf2 Rgh6 31. g3 Rh3 32. Qe3 Ng6 33. Nd4 Qf6 34.
Rb3 R8h7 35. Qd2 Rg7 36. Rg2 Re7 37. Nc2 Kf7 38. Ne3 Rh8 39. Qa5 Rh7 40. Qxf5
Qxf5 41. Nxf5 Rd7 42. Rd2 d5 43. cxd5 cxd5 44. Rb5 Ke6 45. Nd4+ Kd6 1-0

[Event "II. CLANSKA LIGA ZAHOD 2018"]
[Site "Komenda"]
[Date "2018.11.24"]
[Round "5.6"]
[White "Cerne, Anton"]
[Black "Grum, Andrej"]
[Result "1/2-1/2"]
[WhiteElo "1703"]
[BlackElo "1764"]
[PlyCount "122"]
[EventDate "2018.11.24"]
[WhiteTeam "SD RADOVLJICA"]
[BlackTeam "SK TRZIN"]

1. d4 Nf6 2. c4 c5 3. e3 cxd4 4. exd4 d5 5. Nf3 e6 6. Bd3 dxc4 7. Bxc4 Qc7 8.
Qc2 Bd6 9. Bg5 Nbd7 10. O-O h6 11. Bh4 O-O 12. Nbd2 a6 13. Rac1 b5 14. Bd3 Qxc2
15. Rxc2 Bb7 16. Bg3 Bxg3 17. hxg3 Nd5 18. a3 N7f6 19. Ne5 Rfd8 20. Nb3 Rac8
21. Nc5 Rc7 22. Rfc1 g6 23. Nf3 g5 24. Ne5 Nb6 25. Nxb7 Rxb7 26. Nc6 Rd6 27.
Na5 Rbd7 28. Nb3 Nbd5 29. Nc5 Rc7 30. b4 Ne7 31. Rd2 Ned5 32. Re1 Kg7 33. Be2
Ne7 34. Rc1 Kg8 35. Rcd1 Nf5 36. Rd3 Ne7 37. Bf1 Ned5 38. Rf3 Kg7 39. Rc1 Rdc6
40. Rd1 Ne7 41. Rfd3 Rd6 42. Rc3 Ne4 43. Rcd3 Nf6 44. Rf3 Nf5 45. Rfd3 Ne7 46.
Rc1 Rdc6 47. Rcd1 Rd6 48. Rf3 Ned5 49. Rfd3 Ne7 50. Rc3 Ned5 51. Rf3 Ne7 52.
Rxf6 Nf5 53. Ne4 Rdd7 54. Rxf5 exf5 55. Nc5 Rd6 56. Be2 g4 57. f3 h5 58. Rc1
Re7 59. Bd3 Rxd4 60. Bxf5 Re2 61. Be4 Ra2 1/2-1/2

[Event "II. CLANSKA LIGA ZAHOD 2018"]
[Site "Komenda"]
[Date "2018.11.24"]
[Round "5.1"]
[White "Persl, Bojan"]
[Black "Brezovar, Matjaz"]
[Result "1-0"]
[WhiteElo "2080"]
[BlackElo "2209"]
[PlyCount "59"]
[EventDate "2018.11.24"]
[WhiteTeam "SK LJUBLJANA"]
[BlackTeam "SK DOLENJSKE TOPLICE"]

1. e4 e6 2. d4 d5 3. Nd2 c5 4. Ngf3 cxd4 5. exd5 Qxd5 6. Bc4 Qd6 7. Qe2 Nf6 8.
Nb3 Nc6 9. Bg5 Qb4+ 10. Bd2 Qb6 11. O-O-O Bc5 12. Ne5 Nxe5 13. Qxe5 Bd6 14. Qe2
Bd7 15. Ba5 Qc6 16. Rxd4 Bc7 17. Rxd7 Nxd7 18. Bb5 Qxg2 19. Rd1 Bxa5 20. Bxd7+
Kf8 21. Nxa5 Rd8 22. Qb5 Qxf2 23. Nxb7 Qe3+ 24. Kb1 Rb8 25. Bc6 f5 26. a4 Kg8
27. Rd7 h6 28. a5 Qg1+ 29. Ka2 Qxh2 30. Qc5 {nejasno (39)} 1-0

[Event "II. CLANSKA LIGA ZAHOD 2018"]
[Site "Komenda"]
[Date "2018.11.24"]
[Round "5.2"]
[White "Luzar, Emil"]
[Black "Trussevich, Simon"]
[Result "1/2-1/2"]
[WhiteElo "2115"]
[BlackElo "2009"]
[PlyCount "53"]
[EventDate "2018.11.24"]
[WhiteTeam "SK DOLENJSKE TOPLICE"]
[BlackTeam "SK LJUBLJANA"]

1. e4 c5 2. Nc3 d6 3. f4 Nc6 4. Nf3 g6 5. Bc4 Bg7 6. d3 e6 7. O-O Nge7 8. f5
exf5 9. Qe1 O-O 10. Qh4 h5 11. Bg5 Qc7 12. Qg3 a6 13. Nh4 Kh7 14. exf5 Nxf5 15.
Nxf5 Bxf5 16. Rxf5 gxf5 17. Nd5 Qd7 18. Bf6 Bh6 19. Bc3 f6 20. Nxf6+ Rxf6 21.
Bxf6 d5 22. Bb3 Re8 23. Kf1 Qe6 24. Kg1 Qd7 25. Kf1 Qe6 26. Kg1 Qd7 27. Kf1
1/2-1/2

[Event "II. CLANSKA LIGA ZAHOD 2018"]
[Site "Komenda"]
[Date "2018.11.24"]
[Round "5.3"]
[White "Zmavc, Mark"]
[Black "Pucelj, Joze"]
[Result "1/2-1/2"]
[WhiteElo "1727"]
[BlackElo "2100"]
[PlyCount "76"]
[EventDate "2018.11.24"]
[WhiteTeam "SK LJUBLJANA"]
[BlackTeam "SK DOLENJSKE TOPLICE"]

1. d4 g6 2. c4 Bg7 3. Nf3 c5 4. d5 Nf6 5. Nc3 O-O 6. e4 d6 7. Be2 e6 8. O-O
exd5 9. cxd5 Bg4 10. Nd2 Bxe2 11. Qxe2 Re8 12. f3 a6 13. a4 Nbd7 14. Nc4 Ne5
15. Nxe5 Rxe5 16. Bf4 Re8 17. g4 Qe7 18. Qd2 Nd7 19. Rab1 Qf6 20. Kg2 Rab8 21.
g5 Qe7 22. b4 cxb4 23. Rxb4 Rec8 24. Ne2 Nc5 25. a5 Rc7 26. Rc1 Rbc8 27. Rbc4
Ne6 28. Rxc7 Nxf4+ 29. Qxf4 Rxc7 30. Rxc7 Qxc7 31. Qd2 Qc5 32. h4 f6 33. Nf4
fxg5 34. Ne6 Qc3 35. Qxg5 Bf6 36. Qh6 Be7 37. Kg3 Qe1+ 38. Kg2 Qe2+ 1/2-1/2

[Event "II. CLANSKA LIGA ZAHOD 2018"]
[Site "Komenda"]
[Date "2018.11.24"]
[Round "5.4"]
[White "Muhic, Jure"]
[Black "Jersic, Aleks"]
[Result "1-0"]
[WhiteElo "1848"]
[BlackElo "1650"]
[PlyCount "91"]
[EventDate "2018.11.24"]
[WhiteTeam "SK DOLENJSKE TOPLICE"]
[BlackTeam "SK LJUBLJANA"]

1. g3 d5 2. Nf3 c5 3. Bg2 Nf6 4. O-O e6 5. b3 Be7 6. Bb2 Nc6 7. d4 cxd4 8. Nxd4
Nxd4 9. Qxd4 Qc7 10. Ba3 e5 11. Qb2 O-O 12. Bxe7 Qxe7 13. Nd2 Bf5 14. Rfe1 Rac8
15. e4 dxe4 16. Nxe4 Bxe4 17. Bxe4 Qc7 18. Bf5 Rce8 19. c4 g6 20. Bh3 Nh5 21.
Rad1 f5 22. Rd5 e4 23. Qd4 Nf6 24. Rd6 Qe7 25. c5 Qe5 26. b4 Qxd4 27. Rxd4 Rd8
28. Red1 Rxd4 29. Rxd4 Kf7 30. Kf1 Ke7 31. Ke2 Rd8 32. Rxd8 Kxd8 33. a3 Kd7 34.
Ke3 Ke6 35. Kd4 a6 36. a4 h6 37. Bf1 Ng4 38. Bc4+ Kd7 39. Bd5 Nxf2 40. Bxb7 Nd3
41. b5 axb5 42. axb5 Kc7 43. Bd5 Nf2 44. b6+ Kb8 45. c6 g5 46. c7+ 1-0

[Event "II. CLANSKA LIGA ZAHOD 2018"]
[Site "Komenda"]
[Date "2018.11.24"]
[Round "5.5"]
[White "Hribar, Andrej"]
[Black "Janko, Roman"]
[Result "1-0"]
[WhiteElo "1725"]
[BlackElo "1869"]
[PlyCount "57"]
[EventDate "2018.11.24"]
[WhiteTeam "SK LJUBLJANA"]
[BlackTeam "SK DOLENJSKE TOPLICE"]

1. d4 d5 2. c4 dxc4 3. e4 e5 4. d5 Bd6 5. Bxc4 f5 6. Nc3 Nf6 7. Bg5 O-O 8. Nge2
h6 9. Bxf6 Qxf6 10. Qd2 a6 11. a4 Nd7 12. exf5 Nb6 13. Bd3 Bxf5 14. O-O e4 15.
Bc2 Nc4 16. Qc1 Qh4 17. g3 Qg4 18. Nd4 Rae8 19. Nxf5 Rxf5 20. b3 Rh5 21. Bd1
Qh3 22. Bxh5 Ne5 23. f4 Bc5+ 24. Kh1 Nd3 25. Qd1 Qd7 26. Bxe8 Qxe8 27. Qe2 Nf2+
28. Rxf2 Bxf2 29. Qxf2 1-0

[Event "II. CLANSKA LIGA ZAHOD 2018"]
[Site "Komenda"]
[Date "2018.11.24"]
[Round "5.6"]
[White "Gorse, Damjan"]
[Black "Topolovec, Vid"]
[Result "1/2-1/2"]
[WhiteElo "1797"]
[BlackElo "1671"]
[PlyCount "60"]
[EventDate "2018.11.24"]
[WhiteTeam "SK DOLENJSKE TOPLICE"]
[BlackTeam "SK LJUBLJANA"]

1. e4 e5 2. Nf3 Nc6 3. Bc4 Bc5 4. O-O Nf6 5. Re1 d6 6. h3 O-O 7. c3 Na5 8. Bf1
Bb6 9. d4 Nc6 10. Bg5 h6 11. Bh4 g5 12. Bg3 exd4 13. Nxd4 Ne5 14. Nd2 c5 15.
N4f3 Qe7 16. Nxe5 dxe5 17. Nc4 Bc7 18. Qf3 Rd8 19. Rad1 Bd7 20. Bd3 Kg7 21. Ne3
Re8 22. b3 Ba5 23. Rc1 Rad8 24. Red1 Bc7 25. Rd2 Rf8 26. Rdd1 Rfe8 27. Rd2 Rf8
28. Rdd1 Rfe8 29. Rd2 Rf8 30. Rdd1 Rfe8 1/2-1/2

[Event "II. CLANSKA LIGA ZAHOD 2018"]
[Site "Komenda"]
[Date "2018.11.24"]
[Round "6.1"]
[White "Baric, Dusan"]
[Black "Brezovar, Matjaz"]
[Result "1/2-1/2"]
[WhiteElo "2091"]
[BlackElo "2209"]
[PlyCount "74"]
[EventDate "2018.11.24"]
[WhiteTeam "SD MATRIKA STARI TRG OB KOLPI"]
[BlackTeam "SK DOLENJSKE TOPLICE"]

1. e4 e6 2. d4 d5 3. e5 c5 4. c3 Qb6 5. Nf3 Bd7 6. Be2 cxd4 7. cxd4 Bb5 8. O-O
Bxe2 9. Qxe2 Ne7 10. Nc3 Nec6 11. Be3 Nd7 12. a3 Rc8 13. Rac1 Be7 14. b4 Qd8
15. Rc2 Nb6 16. Nd2 O-O 17. Rfc1 a5 18. bxa5 Nxa5 19. Qb5 Nac4 20. Nxc4 Nxc4
21. Qxb7 Bxa3 22. Ra1 Rb8 23. Qa6 Bb2 24. Re1 Bxc3 25. Rxc3 Qh4 26. Qa1 Ra8 27.
Qd1 Ra2 28. g3 Qe4 29. Bh6 Qf5 30. Rf3 Qc2 31. Qxc2 Rxc2 32. Bf4 Rb8 33. Rd3 h6
34. h4 Rbb2 35. Rf3 Nd2 36. Bxd2 Rxd2 37. Ra1 Ra2 1/2-1/2

[Event "II. CLANSKA LIGA ZAHOD 2018"]
[Site "Komenda"]
[Date "2018.11.24"]
[Round "6.2"]
[White "Luzar, Emil"]
[Black "Kobe, Uros"]
[Result "1/2-1/2"]
[WhiteElo "2115"]
[BlackElo "2046"]
[PlyCount "74"]
[EventDate "2018.11.24"]
[WhiteTeam "SK DOLENJSKE TOPLICE"]
[BlackTeam "SD MATRIKA STARI TRG OB KOLPI"]

1. e4 e6 2. d4 d5 3. e5 c5 4. dxc5 Nc6 5. Nf3 Bxc5 6. Bd3 Nb4 7. O-O Ne7 8.
Bb5+ Bd7 9. Bxd7+ Qxd7 10. a3 Nbc6 11. b4 Bb6 12. Bb2 Rd8 13. Nbd2 O-O 14. Qe2
Ng6 15. Rfd1 Qe7 16. Nf1 Bc7 17. b5 Na5 18. Bc3 Rfe8 19. Bb4 Qd7 20. Ne3 Qc8
21. h4 b6 22. Bc3 Qb8 23. Ng4 Nc4 24. Nd4 Ngxe5 25. Nxe5 Nxe5 26. f4 Nc4 27.
Nc6 Qb7 28. Nxd8 Bxd8 29. Qg4 f5 30. Qe2 Nd6 31. Be5 Ne4 32. Qe1 Qe7 33. Kh2
Qc5 34. Rac1 Bc7 35. Bxc7 Qxc7 36. g3 Qc5 37. Qf1 Rc8 {nejasno (39)} 1/2-1/2

[Event "II. CLANSKA LIGA ZAHOD 2018"]
[Site "Komenda"]
[Date "2018.11.24"]
[Round "6.3"]
[White "Stubljar, Andrej"]
[Black "Pucelj, Joze"]
[Result "1-0"]
[WhiteElo "2019"]
[BlackElo "2100"]
[PlyCount "59"]
[EventDate "2018.11.24"]
[WhiteTeam "SD MATRIKA STARI TRG OB KOLPI"]
[BlackTeam "SK DOLENJSKE TOPLICE"]

1. e3 g6 2. d4 Bg7 3. Nf3 Nf6 4. Be2 O-O 5. O-O d6 6. c4 c6 7. b3 Qc7 8. Bb2
Nbd7 9. Nc3 e5 10. Rc1 Re8 11. Qd2 e4 12. Nh4 Nf8 13. g3 Bh3 14. Ng2 Qd7 15. f4
exf3 16. Bxf3 Bf5 17. Rce1 Ne4 18. Bxe4 Bxe4 19. d5 c5 20. Rf4 Bxg2 21. Kxg2
Be5 22. Ne4 f5 23. Bxe5 fxe4 24. Bb2 h6 25. Qc3 Qh7 26. Ref1 Re7 27. Qf6 Nd7
28. Qxd6 b6 29. Qc6 Rf8 30. Qxd7 1-0